| 000 | 01326nkm a2200289 i 4500 | ||
|---|---|---|---|
| 001 | 3032 | ||
| 003 | ES-MaACL | ||
| 005 | 20250713062538.0 | ||
| 007 | khrbo | ||
| 008 | 041110s1981 sp --- g |001||spa d | ||
| 100 | 0 |
_aAlfonso, _d1902-1990 _919858 |
|
| 245 | 1 | 4 |
_aLos ex-libris y la heráldica [ _hFotografía] / _cAlfonso (sello). |
| 260 |
_a[S.l. : _bs.n.], _c1981. |
||
| 300 |
_a3 fot. : _bb. y n. ; _c12 x 18 cm. |
||
| 500 | _aDatos basados en invitación. | ||
| 511 | 0 | _aInterviene: Ricardo Abad, Fernando del Arco y García, Isidoro Villalobos Racionero. | |
| 518 | _aActo organizado por el Ateneo de Madrid en colaboración con la Asociación de Diplomados en Genealogía, Heráldica y Nobiliaria, celebrado en la sala de conferencias el jueves 29 de octubre de 1981, a las 20:00 h. | ||
| 600 | 1 | 4 |
_aAbad, Ricardo. _917911 |
| 600 | 1 | 4 |
_aArco y García, Fernando del, _d1923-2020 _922508 |
| 600 | 1 | 4 |
_aVillalobos Racionero, Isidoro. _9114967 |
| 610 | 2 | 4 |
_aAteneo de Madrid- _xActos culturales- _y1981- _vFotografías. _91892 |
| 710 | 2 |
_aAteneo de Madrid. _91875 |
|
| 710 | 2 |
_aAsociación de Diplomados en Genealogía, Heráldica y Nobiliaria. _91579 |
|
| 852 |
_aES-MaACL _jFOT 65/1981 |
||
| 856 | 4 |
_uhttp://www.ateneodemadrid.net/biblioteca_digital/imagenes/1981/0065-1981.jpg _zVer imagen |
|
| 999 |
_c3032 _d3032 |
||